000 00484cam a2200181ua 4500
001 12223
008 200311n ii |||gr||||Z||||||eng
020 _a9788120307865
040 _cMAIN
082 _a005.55
100 _aV Rajaraman,
_eAuthor.
245 _aComputer oriented numerical methods
_cBy V rajaraman
250 _a3rd ed.
260 _aDelhi:
_bPhi learning private limited,
_c2018.
300 _a196p.
653 _aComputer programming, programs & data
942 _cBK
999 _c10983
_d10983